000 00436nam a2200181Ia 4500
003 GCL
008 140319s9999 xx 000 0 ara d
040 _aGCL /
_cGCL
082 0 4 _a813.03
_bث ح
100 1 _aثروت اباظة
245 1 0 _aحصاد الندم /
_cثروت اباظة
300 _a131 ص
490 _a
650 0 4 _aالادب العربى
650 0 4 _aالادب
650 0 4 _aالقصة
942 _2ddc
_cBK
999 _c40312
_d40312